| 000 | 00584nam a2200145Ia 4500 | ||
|---|---|---|---|
| 008 | 170221s9999 xx 000 0 und d | ||
| 100 | _aSvetlana Y. Gataullina | ||
| 245 | _aDevelopment of Marketing Tools in Tourism as a Factor for Cooperation Enhancing Between the Primorye Territory and the Republic of Korea | ||
| 245 | _cSvetlana Y. Gataullina, Alexander B. Kosolapov, Natalia Y. Shishkareva | ||
| 260 | _bInternational Review of Management and Marketing | ||
| 260 | _c2017 | ||
| 300 | _a7 : 1 | ||
| 650 | _xMarketing. | ||
| 856 | _uhttp://www.econjournals.com/index.php/irmm | ||
| 999 |
_c308008 _d308008 |
||